000 00396nam a2200145Ia 4500
008 130318s9999 xx 000 0 und d
020 _a8120315022
082 _a511.1 MOT/D
100 _aMott, Joe L et al.
245 _aDiscrete mathematics for computer scientists and mathematicians
250 _a2
260 _bPHI Learning
_aNew Delhi
_c2000
300 _a751
650 _aDISCRETE MATHEMATICS
999 _c156
_d156